Stavorobotník časopis ZS ROH pri Krajovom závode ČSSZ Lučenec

Bibliographic Details
Corporate Authors: Československé stavebné závody, n.p. Krajový závod Lučenec (Publisher), Tlačiarenské závody Pravda (Bratislava, Slovensko). Závod Zvolen (Printer), Stredoslovenské tlačiarne (Banská Bystrica, Slovensko). Závod Lučenec
Other Authors: Benča, Štefan (Publishing director)
Format: Journal
Language:Slovak
Hungarian
PhysicalDescription:2 roč. 47 x 31 cm
Published: Lučenec záv. skupina ROH pri Krajovom závode Čs. stavebné závody v Lučenci 1950-1951
Subjects:

MARC

LEADER 00000nas a22000001a 4500
001 vtls010302279
003 SK-MaSNL
005 20260228161753.0
008 110810d19501951xo mn p r 0 b0slo
015 |a SNBDS17XX9999 
015 |a 1535  |2 Balúnová 1945-60 
038 |a SNKBUDS 
040 |a SNK  |b slo  |c SNK  |e AACR2 
041 0 |a slo  |a hun 
044 |a xo  |c SK 
080 |a 69  |2 2001 
080 |a 070.489  |2 2001 
245 0 0 |a Stavorobotník  |b časopis ZS ROH pri Krajovom závode ČSSZ Lučenec 
260 |a Lučenec  |b záv. skupina ROH pri Krajovom závode Čs. stavebné závody v Lučenci  |c 1950-1951 
300 |a 2 roč.  |c 47 x 31 cm 
310 |a 1x mesačne 
362 0 |a Roč. I, č. 1 (15. nov. 1950)-roč. II, č. 12 (12. dec. 1951) 
500 |a Vych. v Lučenci mesačne [nepravidelne] vo formáte 47 x 31 cm, od 1/II (2. febr. 1951) 43 x 31 cm 
500 |a Red. red. kruh. Zodp. zást. Štefan Benča 
500 |a Vyd. záv. skupina ROH pri Krajovom závode Čs. stavebné závody v Lučenci 
500 |a Tlač. Tlačiarenské závody Pravda, n. p., závod vo Zvolene, od 3/II (10. apr. 1951) Stredoslovenské tlačiarne, n. p., záv. v Lučenci 
500 |a Vych. od 15. nov. 1950. Pov. PIO pod. číslo 21566/50-II/S. Posl. č. 12/II z 12. dec. 1951 
505 8 0 |g Roč. I. 1950 2 č. po 4 s. 
505 8 0 |g Roč. II. 1951 12 č. po 4 s. 
546 |a Príspevky aj v maď. jaz. 
610 2 7 |a Československé stavebné závody, n.p.  |b Krajový závod Lučenec  |x časopisy  |2 SNKBUDS  |9 269507 
650 0 7 |a stavebníctvo  |2 SNKPH  |9 726 
655 7 |a podnikové časopisy  |2 SNKBUDS  |9 265225 
700 1 |a Benča, Štefan  |4 pbd  |9 7677 
710 2 |a Československé stavebné závody, n.p.  |b Krajový závod Lučenec  |e vydav.  |9 269508 
710 2 |a Tlačiarenské závody Pravda (Bratislava, Slovensko).  |b Závod Zvolen  |4 prt  |9 145669 
710 2 |a Stredoslovenské tlačiarne (Banská Bystrica, Slovensko).  |b Závod Lučenec  |9 145659 
852 |a SNK  |b 10000  |h ČSA 383 
852 |a UKB  |b 300000  |h S AA 238 
852 |a SVKKK  |b 900000  |h E 211 
999 |c 6019  |d 7949